[Event "TUR-ch U07/12"]
[Site "Antalya"]
[Date "2023.01.24"]
[Round "5"]
[White "Celebi, Mehmet Alper"]
[Black "Sahin, Sarp"]
[Result "1/2-1/2"]
[WhiteElo "1614"]
[BlackElo "1841"]
[PlyCount "55"]
[EventDate "2023.01.17"]
[EventType "swiss"]
[EventRounds "10"]
[EventCountry "TUR"]
[SourceTitle "EXT 2024"]
[Source "ChessBase"]
[SourceDate "2023.10.10"]
[SourceVersion "1"]
[SourceVersionDate "2023.10.10"]
[SourceQuality "1"]

1. e4 c5 2. Nc3 e6 3. Nf3 Nc6 4. Bb5 Nd4 5. Bd3 a6 6. 0-0 Nc6 7. b3 d6 8. Bb2 Nf6 9. e5 dxe5 10. Ne4 Be7 11. Nxe5 Nxe5 12. Bxe5 Nxe4 13. Bxe4 Bf6 14. Qh5 Bxe5 15. Qxe5 Qd4 16. Qxd4 cxd4 17. c3 0-0 18. cxd4 Rd8 19. Rac1 Rxd4 20. Bf3 Bd7 21. Bxb7 Ra7 22. Bc6 g6 23. Rfd1 Bxc6 24. Rxc6 a5 25. Rc4 Rxc4 26. bxc4 Rb7 27. c5 Rb2 28. Rc1 1/2-1/2

[Event "EU-ch U10 30th"]
[Site "Antalya"]
[Date "2022.11.12"]
[Round "7"]
[White "Celebi, Mehmet Alper"]
[Black "Radzimski, Antoni"]
[Result "1-0"]
[WhiteElo "1501"]
[BlackElo "1766"]
[PlyCount "79"]
[EventDate "2022.11.06"]
[EventType "swiss"]
[EventRounds "9"]
[EventCountry "TUR"]
[SourceTitle "CBM 211 Extra"]
[Source "ChessBase"]
[SourceDate "2023.01.31"]
[SourceVersion "1"]
[SourceVersionDate "2023.01.31"]
[SourceQuality "1"]

1. e4 e5 2. Nf3 Nc6 3. Bc4 Nf6 4. d4 exd4 5. e5 d5 6. Bb5 Ne4 7. Nxd4 Bd7 8. Bxc6 bxc6 9. 0-0 Bc5 10. Be3 0-0 11. f3 Ng5 12. Qd2 Ne6 13. Nxe6 Bxe3+ 14. Qxe3 Bxe6 15. Qc5 Qb8 16. Qa3 Qb6+ 17. Rf2 Rab8 18. c3 Qe3 19. Nd2 Qxe5 20. Qxa7 Qd6 21. Nb3 Rfe8 22. Qd4 Rb5 23. Rd2 Ra8 24. Nc1 c5 25. Qf2 c4 26. Ne2 c5 27. g3 f6 28. Nf4 Rd8 29. Qe2 Bf7 30. Rad1 Qc6 31. Nxd5 Bxd5 32. Rxd5 Re8 33. Qxc4 Kh8 34. b3 Ra5 35. a4 h6 36. Kf2 Qe6 37. Rd8 Qe3+ 38. Kg2 Ra8 39. Rxa8 Rxa8 40. Qe4 1-0

[Event "TUR Cup"]
[Site "Ankara"]
[Date "2021.12.12"]
[Round "9"]
[White "Deveci, Halit"]
[Black "Celebi, Mehmet Alper"]
[Result "1-0"]
[WhiteElo "1624"]
[BlackElo "1367"]
[PlyCount "55"]
[EventDate "2021.12.08"]
[EventType "swiss"]
[EventRounds "9"]
[EventCountry "TUR"]
[SourceTitle "CBM 205 Extra"]
[Source "ChessBase"]
[SourceDate "2022.01.31"]
[SourceVersion "1"]
[SourceVersionDate "2022.01.31"]
[SourceQuality "1"]

1. e4 c5 2. Nf3 Nc6 3. d4 cxd4 4. Nxd4 e6 5. c4 g6 6. Nb5 d6 7. Bf4 e5 8. Be3 a6 9. N5c3 Bg7 10. Nd5 Nge7 11. Bb6 Qd7 12. Nc7+ Kf8 13. Nxa8 f5 14. Nc3 Nd4 15. Bxd4 exd4 16. Nb6 Qd8 17. Ncd5 fxe4 18. Nxc8 Qxc8 19. Nxe7 Kxe7 20. Be2 h5 21. 0-0 g5 22. Bxh5 Be5 23. h3 Qf8 24. Bg4 d3 25. Qb3 Rh4 26. Qxb7+ Kf6 27. Qxe4 Kg7 28. Qxd3 1-0